La vie de Cezanne.
Saved in:
| Main Author: | |
|---|---|
| Format: | Book |
| Language: | French |
| Published: |
[Paris]
Hachette
[1956]
|
| Subjects: | |
| Tags: |
Add Tag
No Tags, Be the first to tag this record!
|
| LEADER | 00636cam a2200229I 4500 | ||
|---|---|---|---|
| 001 | 005299251-9 | ||
| 005 | 20020606095253.2 | ||
| 008 | 750725s1956 fr a b 000 0bfre | ||
| 010 | |a 56056056 /L | ||
| 035 | 0 | |a ocm01476930 | |
| 035 | 0 | |a ocm01476930 |z ocm02788651 | |
| 040 | |a DLC |c DZM |d OCL |d SER |d DMM |d HFL | ||
| 050 | 0 | |a ND553.C33 |b P4 | |
| 100 | 1 | |a Perruchot, Henri, |d 1917- | |
| 245 | 1 | 3 | |a La vie de Cezanne. |
| 260 | |a [Paris] |b Hachette |c [1956] | ||
| 300 | |a 432 p. |b illus. |c 21 cm. | ||
| 504 | |a Includes bibliography. | ||
| 600 | 1 | 0 | |a Cézanne, Paul, |d 1839-1906. |
| 600 | 1 | 4 | |a Cézanne, Paul, |d 1839-1906. |
| 988 | |a 20020608 | ||
| 906 | |0 DLC | ||


